| 000 | 00381nam a22001577a 4500 | ||
|---|---|---|---|
| 003 | SGT | ||
| 020 | _a9788175347601 | ||
| 082 | _a332.765,MEH | ||
| 100 | _aMEHTA,RUPA | ||
| 245 | _aCREDIT CARDS LEGAL GUIDE WITH SPECIAL REFERENCE TO CREDIT CARDS FRAUDS | ||
| 250 | _aND | ||
| 260 |
_aNEW DELHI _bUNIVERSAL BOOKS _c2009 |
||
| 300 | _a306 | ||
| 650 | _aBANKING LAW | ||
| 942 |
_2ddc _cBK |
||
| 999 |
_c9724 _d9724 |
||